Foundations in accountancy: (Record no. 566318)
[ view plain ]
| 000 -LEADER | |
|---|---|
| fixed length control field | 00409nam a22001457a 4500 |
| 020 ## - INTERNATIONAL STANDARD BOOK NUMBER | |
| International Standard Book Number | 9781509717637 |
| 082 ## - DEWEY DECIMAL CLASSIFICATION NUMBER | |
| Classification number | 658.1511 |
| 100 ## - MAIN ENTRY--PERSONAL NAME | |
| Personal name | ACCA |
| 245 ## - TITLE STATEMENT | |
| Title | Foundations in accountancy: |
| Remainder of title | Management accounting (FMA/MA) |
| Statement of responsibility, etc. | ACCA |
| 260 ## - PUBLICATION, DISTRIBUTION, ETC. | |
| Place of publication, distribution, etc. | London : |
| Name of publisher, distributor, etc. | BPP Learning Media Ltd. , |
| Date of publication, distribution, etc. | 2018. |
| 300 ## - PHYSICAL DESCRIPTION | |
| Extent | 642 p. |
| Dimensions | 27 cm. |
| 942 ## - ADDED ENTRY ELEMENTS (KOHA) | |
| Source of classification or shelving scheme | |
| Koha item type | Book |
| Withdrawn status | Lost status | Source of classification or shelving scheme | Damaged status | Not for loan | Permanent Location | Current Location | Shelving location | Date acquired | Full call number | Barcode | Date last seen | Price effective from | Koha item type | Total Checkouts |
|---|---|---|---|---|---|---|---|---|---|---|---|---|---|---|
| Central Library (CL) | Central Library (CL) | Accounting | 06/24/2021 | 658.1511 ACC | CL-D-1085 | 01/30/2025 | 06/24/2021 | Book | ||||||
| Central Library (CL) | Central Library (CL) | 06/24/2021 | 658.1511 ACC | CL-D-1084 | 01/28/2025 | 06/24/2021 | Book |
